Pride and Prejudice (Record no. 42)

000 -LEADER
fixed length control field 00294 a2200109 4500
003 - CONTROL NUMBER IDENTIFIER
control field Nust
005 - DATE AND TIME OF LATEST TRANSACTION
control field 20170427120109.0
008 - FIXED-LENGTH DATA ELEMENTS--GENERAL INFORMATION
fixed length control field 170427b xxu||||| |||| 00| 0 eng d
020 ## - INTERNATIONAL STANDARD BOOK NUMBER
International Standard Book Number 9789699473968
040 ## - CATALOGING SOURCE
Transcribing agency 0
082 ## - DEWEY DECIMAL CLASSIFICATION NUMBER
Classification number 428.6 AUS
100 ## - MAIN ENTRY--PERSONAL NAME
Personal name Auston, Jane
245 ## - TITLE STATEMENT
Title Pride and Prejudice
Statement of responsibility, etc. Jane Auston
260 ## - PUBLICATION, DISTRIBUTION, ETC.
Place of publication, distribution, etc. Lahore :
Name of publisher, distributor, etc. Alqa publication,
Date of publication, distribution, etc. 2014
300 ## - PHYSICAL DESCRIPTION
Extent iii, 490p. :
Other physical details ill. ;
Dimensions 23 cm
500 ## - GENERAL NOTE
General note P.B
650 ## - SUBJECT ADDED ENTRY--TOPICAL TERM
Topical term or geographic name entry element Pride and Prejudice
942 ## - ADDED ENTRY ELEMENTS (KOHA)
Source of classification or shelving scheme
Koha item type Book
Call number prefix 428.6 AUS
Holdings
Withdrawn status Lost status Source of classification or shelving scheme Damaged status Not for loan Collection code Permanent Location Current Location Shelving location Date acquired Total Checkouts Full call number Barcode Date last seen Price effective from Koha item type
            Institute of Environmental Science and Engineering (IESE) Institute of Environmental Science and Engineering (IESE) Fiction 12/06/2016   823.7 AUS IESE-3787 12/06/2016 12/06/2016 Book
            Institute of Environmental Science and Engineering (IESE) Institute of Environmental Science and Engineering (IESE) Fiction 12/06/2016   823.7 AUS IESE-3788 12/06/2016 12/06/2016 Book
© 2023 Central Library, National University of Sciences and Technology. All Rights Reserved.